| 000 | 00649nam a22001935a 4500 | ||
|---|---|---|---|
| 005 | 20191224042337.0 | ||
| 008 | 170814s g 000 0dspa d | ||
| 020 | _a9789588568591 | ||
| 040 |
_aCO-BoIAVH _cCO-BoIAVH |
||
| 041 | _aspa | ||
| 090 |
_aI-LS _b01 |
||
| 245 | 1 | 0 |
_aKaragabi : _bun mito sobre el origen del agua narrado por los embera katíos del Alto Sinú / _cSimón Domicó, Kimi Pernía Domicó. |
| 260 |
_bLa silueta. _aBogotá: _c2016. |
||
| 300 |
_a39 páginas _bilustraciones _c20 x 13cm _eun afiche |
||
| 650 | 1 | 4 | _aLiteratura juvenil |
| 650 | 1 | 4 | _aMitos |
| 650 | 1 | 4 | _aRecurso hidríco |
| 942 |
_2z _cLIBRO _01 |
||
| 999 |
_c19889 _d19889 |
||